[Event "Muenster"]
[Site "Muenster"]
[Date "1992.??.??"]
[Round "4"]
[White "Keitlinghaus, Ludger"]
[Black "Hoffmann, Michael"]
[Result "1-0"]
[WhiteElo "2460"]
[BlackElo "2425"]
[Annotator "Blatny,P"]
[PlyCount "33"]
[EventDate "1992.07.??"]
[EventType "tourn"]
[EventRounds "11"]
[EventCountry "GER"]
[EventCategory "8"]
[SourceTitle "CBM 031"]
[Source "ChessBase"]
[SourceDate "1992.12.01"]
[SourceVersion "1"]
[SourceVersionDate "1992.12.01"]
[SourceQuality "1"]

1. e4 c5 2. Nc3 d6 3. Bb5+ Bd7 4. a4 (4. Bxd7+ Qxd7 {/\Nc6}) 4... Nc6 (4... a6
5. Bxd7+ Qxd7 6. Nge2 Nc6 7. d4 $14) 5. f4 g6 {/^h8-d4,><d4} (5... e6 6. Nf3
Be7 7. O-O Nf6 8. d4 cxd4 9. Nxd4 $14 Qb6 $6 10. Be3 $32) 6. Nf3 Bg7 7. O-O Nf6
(7... e6 8. d3 Nge7 $13) 8. d3 Bg4 (8... O-O 9. Qe1 $40) 9. h3 Bxf3 10. Bxc6+ (
10. Qxf3 Nd7 {/\Nd4}) 10... bxc6 11. Qxf3 $14 {/^g2-a8} O-O 12. Bd2 {/\Rae1 ->}
Nd7 {/\Qb6 /^a7-g1} 13. Kh1 e6 14. b3 Qc7 15. Rae1 f5 $6 16. exf5 Rxf5 $4 (
16... gxf5 17. Rxe6 $18) (16... exf5 $8 17. Re7 Rae8 18. Rfe1 Rxe7 19. Rxe7 {
/\Qe2+/-}) 17. Nb5 (17. Nb5 Qb8 18. Qxc6 $18) 1-0

[Event "London WFW"]
[Site "London"]
[Date "1991.??.??"]
[Round "?"]
[White "Plaskett, H James"]
[Black "Byrne, Robert Eugene"]
[Result "0-1"]
[WhiteElo "2480"]
[BlackElo "2465"]
[Annotator "Blatny,P"]
[PlyCount "100"]
[EventDate "1991.05.??"]
[EventType "tourn"]
[EventRounds "13"]
[EventCountry "ENG"]
[EventCategory "11"]
[SourceTitle "CBM 024"]
[Source "ChessBase"]
[SourceDate "1991.10.01"]
[SourceVersion "1"]
[SourceVersionDate "1991.10.01"]
[SourceQuality "1"]

1. e4 c5 2. Nc3 d6 3. f4 Nc6 4. Nf3 g6 (4... Bg4 5. Bb5 g6 6. Bxc6+ bxc6 7. O-O
Bg7 8. d3 e6 9. h3 Bxf3 10. Qxf3 {/\f5->}) 5. Bc4 (5. Bb5 Bd7 6. O-O Bg7 7. d3
Nd4 8. Bxd7+ Qxd7 9. Nxd4 cxd4 10. Ne2 f5 $10) 5... Bg7 6. O-O Nf6 (6... e6 7.
f5 exf5 (7... Nge7 8. Qe1 $36) 8. d3 Nge7 (8... Nf6 $6 9. Qe1 O-O 10. Qh4 Nd4
11. Bg5 Be6 12. Nxd4 cxd4 13. exf5 $1 $16 {-> Timman}) 9. Qe1 h6 (9... O-O 10.
Qh4 $40) (9... Ne5 $5) 10. exf5 (10. Bd2 Be6 11. exf5 Bxf5 12. g4 Bxg4 13.
Bxf7+ Kxf7 14. Ne5+ Kg8 15. Nxg4 Qd7 16. Qg3 $36 {Sznapik-Kuligowski, Warszawa
1978}) 10... Bxf5 11. g4 Bxg4 12. Bxf7+ Kxf7 13. Ne5+ Kg8 14. Nxg4 Nd4 $1 (
14... Ne5 15. Nxe5 Bxe5 16. Bf4 Bd4+ 17. Kh1 Nf5 18. Nb5 $14) 15. Qf2 Ndf5 16.
Qg2 Qd7 17. Ne4 Rf8 18. c3 b6 19. Bf4 d5 20. Nd2 d4 $17 {Hellers-Gelfand, Novi
Sad (ol) 1990 --> ChessBase: Ftacnik: Novi Sad (ol)}) 7. d3 (7. Qe1 O-O 8. f5
e6 $1 9. fxe6 fxe6 10. e5 $1 dxe5 11. d3 Nd4 $10 {Dorfman-Polugaevskij, USSR 
(ch) 1976}) 7... O-O 8. Qe1 (8. f5 gxf5 9. Qe1 fxe4 (9... Na5 10. Qh4 Nxc4 11.
dxc4 fxe4 12. Ng5 h6 13. Ngxe4 Nxe4 14. Nxe4 f5 15. Bxh6 $40) 10. dxe4 Bg4 11.
Qh4 (11. Qg3 Kh8 12. Bg5 Bh5 13. Nh4 $36) 11... Bxf3 12. Rxf3 Ne5 13. Rh3 Ng6
14. Qg3 Qd7 15. Nd5 Nxd5 16. Bxd5 e6 17. Bb3 d5 18. Qf3 c4 19. Ba4 $1 {->>>
Hodgson-Nunn, England 1979}) 8... e6 (8... Nd4 9. Bb3 Nxb3 10. axb3 Bd7 11. f5
$1 gxf5 12. Qh4 fxe4 13. Ng5 h6 14. Ngxe4 $16) 9. e5 (9. Qh4 d5 10. Bb3 Nd4 11.
e5 Nd7 12. Qh3 Nxf3+ 13. Rxf3 Nb6 {/\Bd7,c4 =}) 9... Ne8 10. Bb5 Bd7 11. Ne4
Qc7 12. Qh4 f5 13. Bxc6 Qxc6 14. Neg5 h6 15. Bd2 d5 16. Nh3 d4 $2 (16... Nc7
$142 17. Qg3 Be8 18. Nh4 Kh7) 17. Qg3 Nc7 (17... Kh7 18. Nh4 $18) 18. Qxg6 $6 (
18. Nh4 {/\ Nxg6 +/-}) 18... Be8 19. Qg3 Kh7 20. Qh4 Rg8 21. Nfg5+ Kh8 22. g4
$2 (22. Rf3 {/\ Rg3 +/=}) 22... Bf8 23. gxf5 exf5 24. Kf2 Nd5 25. Rg1 Be7 $44
26. Rg3 Rg6 27. Rag1 Kg8 $5 (27... Rd8 28. Kf1 Kg8 29. e6 $1 hxg5 30. Nxg5 Bxg5
(30... Rg7 31. Qh6 {/\ Nf7 +-}) 31. Rxg5 Qxe6 32. Rxg6+ Bxg6 33. Qxd8+ $18) 28.
Qh5 $8 Rxg5 (28... hxg5 $6 29. Nxg5 Bxg5 30. Rxg5 Ne7 $8 31. h4 {/\ Qh6,h5 ->})
29. Qf3 $1 (29. Rxg5+ hxg5 {/\g4-+}) 29... Rg6 $8 30. Rxg6+ Bxg6 31. Rxg6+ Qxg6
32. Qxd5+ Kh8 33. Qxb7 Bh4+ 34. Kf1 Rg8 35. Qf3 Kh7 36. b3 Rg7 37. a4 $10 Qf7
38. Ng1 Rg4 39. Ne2 Rg7 40. b4 Be7 (40... Qa2 41. Qh5 $10) 41. bxc5 Bxc5 42. c3
$6 (42. Be1 {/\ Nc1-b3,Bf2 =}) 42... dxc3 $6 (42... Qa2 43. cxd4 $8 Qb1+ 44.
Be1 (44. Kf2 Bxd4+) (44. Bc1 $2 Ba3 45. Qe3 Rc7 $19) 44... Bb4 45. Qf2 $8 Bxe1
46. Qxe1 Qxd3 {/\ Rb7,Qe4 -/+/-+ עf1}) 43. Bxc3 Qb3 44. d4 Qd1+ 45. Kf2 Be7
46. a5 Ba3 (46... Bh4+ 47. Ng3 Qc1 $13) 47. e6 (47. Qh3 Qb1 48. e6 Qe4 $19)
47... Re7 48. Qe3 $4 (48. Qd5 Qd3 49. Qe5 $13) 48... Qb3 49. Qe5 Qxe6 $19 {_|_}
50. Ng3 $4 (50. Qxe6 Rxe6 {/\ a6 -+ _|_}) (50. d5 $8 Bc5+ $1 51. Kf1 (51. Kf3
Qc8 52. Qf6 Re3+ $19) 51... Qf7 $1 (51... Qc8 52. Qf6 $132) 52. Qh8+ Kg6 {
/\ Re8} 53. Bb2 Rd7 $19) 50... Qa2+ 0-1

[Event "Muenster"]
[Site "Muenster"]
[Date "1992.??.??"]
[Round "6"]
[White "Keitlinghaus, Ludger"]
[Black "Blatny, Pavel"]
[Result "0-1"]
[WhiteElo "2460"]
[BlackElo "2515"]
[Annotator "Blatny,P"]
[PlyCount "72"]
[EventDate "1992.07.??"]
[EventType "tourn"]
[EventRounds "11"]
[EventCountry "GER"]
[EventCategory "8"]
[SourceTitle "CBM 031"]
[Source "ChessBase"]
[SourceDate "1992.12.01"]
[SourceVersion "1"]
[SourceVersionDate "1992.12.01"]
[SourceQuality "1"]

1. e4 c5 2. Nc3 Nc6 3. Bb5 $6 Nd4 4. a4 (4. Nf3 Nxb5 5. Nxb5 g6 6. d4 Bg7 $1 7.
dxc5 $6 Qa5+ 8. Nc3 Bxc3+ $5 9. bxc3 Qxc3+ 10. Bd2 Qxc5 $15 {
Keitlinghaus-Womacka, BL 90/91}) 4... g6 (4... e6 5. Nge2 (5. Nf3 Ne7 6. Nxd4
cxd4 7. Ne2 a6 8. Bc4 d5 9. exd5 Nxd5 10. d3 (10. Nxd4 $4 Nb6 $19) 10... Nb4
11. O-O Nc6 $10 {Pastircak-Psakhis, Nimes op 1991}) 5... a6 6. Bd3 Ne7 7. Nxd4
cxd4 8. Ne2 Nc6 9. c3 Bc5 10. O-O Qf6 11. Bc2 O-O 12. b4 $13 {Thesing-Lanka,
Nettetal 1992 --> CBM}) 5. Nge2 Bg7 6. O-O b6 $1 $146 (6... e6 $5 7. Nxd4 cxd4
8. Ne2 Ne7 9. c3 a6 10. Bd3 (10. Bc4 {--> Keitlinghaus-Jansa}) 10... Nc6 11. f4
O-O 12. Kh1 d6 $15 {Thesing-Boensch, BL 90/91}) (6... Nxb5 $2 7. axb5 d6 8. d4
cxd4 9. Nxd4 Nf6 10. f3 O-O 11. Be3 Nd7 12. Qd2 Nb6 13. b3 {+/=/+/-
Keitlinghaus-Danschczyk, BL 91/92}) (6... a6 7. Bd3 $6 e6 8. Nxd4 cxd4 9. Ne2
d5 10. exd5 Qxd5 11. b3 Ne7 12. Ba3 Bd7 13. Ng3 Bc6 14. Be4 Qd7 15. Re1 Nd5 16.
Bf3 f5 $1 17. Rc1 Kf7 $15 {Thesing-Liebert, BL 91/92}) 7. Nxd4 cxd4 8. Ne2 Bb7
9. d3 Rc8 $5 10. a5 a6 (10... bxa5 $2 11. Bd2 $16) 11. Bc4 b5 $8 12. Bb3 d5 13.
f3 (13. exd5 $6 Bxd5 14. Bxd5 Qxd5 $15) 13... e6 (13... dxe4 $2 14. fxe4 $40 {
<->f}) 14. Qe1 Ne7 15. Bg5 h6 16. Bh4 (16. Bxe7 Kxe7 $5 (16... Qxe7 17. exd5
Bxd5 18. Bxd5 exd5 19. Nf4 $1 {עe8}) 17. exd5 Bxd5 $15) 16... O-O 17. Kh1 (17.
Bxe7 Qxe7 18. exd5 Bxd5 19. Bxd5 exd5 {/\Qe3+,Rfe8-/+ <->e,><c2}) (17. exd5 g5
18. Bf2 Bxd5 19. Bxd5 (19. Bxd4 Bxd4+ 20. Nxd4 Bxb3 21. Nxb3 Rxc2 $17) 19...
Qxd5 {/\Nf5-/+}) 17... Re8 18. Qf2 Kh7 19. h3 $6 (19. Nxd4 $5 g5 $1 (19... dxe4
20. fxe4 g5 $8 21. Qxf7 Qxd4 $8 22. Bxg5 $1 {/\Bf6} hxg5 23. Qh5+ Bh6 24. Rf7+
$18) 20. Bg3 dxe4 21. fxe4 Qxd4 (21... Bxd4 22. Qxf7+ Kh8 $2 23. Qh5 Bg7 $2 (
23... Ng8 $8 24. Rf7 $40) 24. Be5 $1 $18) 22. Qxf7 $44) 19... Ba8 20. Qg1 (20.
Nxd4 $2 g5 21. Bg3 dxe4 22. fxe4 Qxd4 23. Qxf7 Ng6 {/\Re7-+}) 20... g5 21. Be1
(21. Bf2 dxe4 22. fxe4 Nc6 {/\f5}) 21... dxe4 22. fxe4 f5 $1 23. Bxe6 (23. Ng3
$142 Qd7 {=/+/-/+}) 23... Rxc2 $17 24. Ng3 fxe4 25. Nxe4 Nd5 26. Bf5+ (26. Bxd5
Qxd5 $19 {/^a8-h1,<->2,^^}) 26... Kh8 27. Rf2 Rxf2 28. Bxf2 Nf4 29. Bg3 Qd5 30.
Bg4 (30. Bxf4 Qxf5 $1 31. Nd6 $2 Qxh3+ $19) 30... Nxd3 31. Nd6 Rf8 32. Nc8 Be5
$19 33. Qh2 Nf2+ 34. Kg1 Bxg3 35. Qxg3 Nxg4 36. Ne7 $138 (36. Qxg4 $8 Qxg2+ (
36... Qc5 $5) 37. Qxg2 Bxg2 38. Kxg2 (38. Ne7 Be4 $19 {_|_}) 38... Rxc8 $19 {
_|_}) 36... Qe4 0-1

[Event "Prague Chip"]
[Site "Prague"]
[Date "1992.??.??"]
[Round "1"]
[White "Keitlinghaus, Ludger"]
[Black "Watson, William N"]
[Result "0-1"]
[WhiteElo "2440"]
[BlackElo "2535"]
[Annotator "Blatny,P"]
[PlyCount "84"]
[EventDate "1992.01.??"]
[EventType "tourn"]
[EventRounds "13"]
[EventCountry "CZE"]
[EventCategory "11"]
[SourceTitle "CBM 027"]
[Source "ChessBase"]
[SourceDate "1992.04.01"]
[SourceVersion "1"]
[SourceVersionDate "1992.04.01"]
[SourceQuality "1"]

1. e4 c5 2. Nc3 g6 3. d4 $6 cxd4 4. Qxd4 Nf6 5. Bb5 (5. e5 Nc6 $36) 5... a6 6.
e5 (6. Be2 Nc6 {ף[+]}) 6... axb5 7. exf6 e6 {/\קf6} (7... exf6 {><d5}) 8.
Nxb5 Qa5+ 9. Nc3 $8 (9. Qc3 $4 Qxb5 $4 (9... Bb4 $19) 10. Qxc8#) 9... Nc6 {[+]}
10. Qd1 b5 11. Bd2 b4 12. Nce2 (12. Ne4 Qe5 $36) 12... Qe5 13. Nf3 {/\0-0} Qxb2
14. O-O Rxa2 (14... Qxf6 15. Bg5) 15. Rxa2 Qxa2 16. Re1 Bc5 17. Nc1 Qd5 18. Nd3
Bd6 19. Ng5 Ba6 20. Ne4 Bxd3 21. Nxd6+ Qxd6 22. Bh6 (22. cxd3 Qxd3 23. Re3 Qd5
$19) 22... Kd8 {/\ <->8} 23. Re3 {/\<->d} Qc5 24. Rxd3 d5 25. c3 bxc3 26. Qb3
c2 27. g3 Kd7 (27... c1=Q+ 28. Bxc1 Qxc1+ 29. Kg2 {/\<->c}) 28. Qb7+ (28. Rc3)
28... Kd6 29. Qxf7 c1=Q+ 30. Bxc1 Qxc1+ 31. Kg2 Qc4 32. Re3 d4 33. Re1 Qd5+ 34.
Kg1 e5 35. Qg7 Rg8 36. Qxh7 Rf8 37. Qxg6 Qe6 38. Rc1 Rxf6 39. Qc2 Qd5 40. Qb2
Rf3 41. Qd2 d3 42. Qh6+ Kc7 0-1

[Event "Las Palmas"]
[Site "Las Palmas"]
[Date "1993.??.??"]
[Round "3"]
[White "Adams, Michael"]
[Black "Morovic Fernandez, Ivan"]
[Result "0-1"]
[WhiteElo "2630"]
[BlackElo "2570"]
[Annotator "Blatny,P"]
[PlyCount "110"]
[EventDate "1993.06.??"]
[EventType "tourn"]
[EventRounds "9"]
[EventCountry "ESP"]
[EventCategory "16"]
[SourceTitle "CBM 036"]
[Source "ChessBase"]
[SourceDate "1993.10.01"]
[SourceVersion "1"]
[SourceVersionDate "1993.10.01"]
[SourceQuality "1"]

1. e4 {Ftacnik Anand} c5 2. Nc3 Nc6 3. f4 g6 4. Nf3 Bg7 5. Bb5 (5. Bc4 e6 $10)
(5. Bc4 {Anand}) 5... Nd4 6. a4 $5 (6. O-O {Anand} Nxb5 7. Nxb5 d6 $1 (7... Nf6
$6 8. e5 Nd5 9. d4 cxd4 10. Qxd4 Nc7 11. Nc3 O-O 12. f5 $1 $40 {
Crouch-Ravisekhar UK ch 1987})) 6... e6 7. O-O Ne7 8. e5 $6 (8. Ne2 $142 Nxb5 (
8... Qb6 $6 9. Nexd4 cxd4 10. Bd3 {/\b3,Bb2+/=/+/- ><d4}) 9. axb5 d5 $36) 8...
a6 $1 9. Bd3 Nxf3+ 10. Qxf3 d5 $1 $15 {ץc1,Bd3,Ra1} 11. b3 (11. exd6 $142 Qxd6
12. Be4 (12. Ne4 {Anand} Qc7 $15) 12... Rb8 (12... O-O $5 13. Bxb7 Bxb7 14.
Qxb7 Rab8 15. Qf3 Nf5 {/\Rfd8,Nd4~/=}) 13. b3 O-O {/\Rd8,Nd5=/+}) (11. Qf2 $5 {
Anand} Qc7 12. b3 b6 13. Ba3 Nc6 $10) 11... Nc6 12. Ne2 (12. Ba3 {Anand} b6)
12... O-O 13. Ba3 (13. Bb2 $1 {Anand}) 13... b6 14. Rae1 f6 $1 15. exf6 Bxf6 {
/\e5} 16. c4 (16. Ng3 Bd4+ $1 17. Kh1 e5 $40 18. c3 $2 Rxf4 19. Qd1 (19. Qe2
Bg4 $19) 19... Bf2 $19) (16. Kh1 {Anand} e5 $1 $15) 16... Ra7 $1 {/\Raf7,<->f}
(16... Nd4 $6 17. Nxd4 Bxd4+ 18. Kh1 Ra7 19. b4 $15) 17. Kh1 Raf7 18. cxd5 Ne5
$3 (18... exd5 $2 19. Nc3 $132) 19. Qe3 (19. fxe5 $2 Bxe5 $19 {_|_} (19... Bxe5
{Ftacnik} 20. Qe3 Rxf1+ 21. Rxf1 Rxf1+ 22. Ng1 Bd4 $19)) 19... Nxd3 20. Qxd3
Bb7 $1 {^^} (20... Qxd5 {Anand} 21. Qxd5 exd5 22. a5 $1) 21. a5 (21. d6 Rd7 22.
Qh3 Rxd6 23. d4 $5 Re8 $1 24. dxc5 Rd3 $17) (21. Nc3 exd5 22. a5 Bh4 23. g3 Be7
$17 {^^,/^a8-h1}) 21... Bxd5 22. Qxa6 $2 (22. Qh3 $142 {/\b4-/+}) 22... Qa8 $1
{><g2} 23. Qxa8 Rxa8 24. b4 $8 cxb4 25. Bxb4 bxa5 26. Ba3 (26. Bc3 $5 {Anand})
26... a4 27. Nc3 Bxc3 (27... Bb3 $142 28. Re4 (28. Ne4 Be7 $1 {Pa} 29. Bxe7
Rxe7 30. Nc5 Bc4 31. d3 Bd5 {/\a3-a2-+ _|_}) 28... Rd7 $19 {_|_}) 28. dxc3 Rb7
$19 {_|_} 29. Bb4 (29. Rb1 Rb3 30. Rxb3 (30. Bb4 a3 31. Rxb3 Bxb3 32. Ra1 a2
33. Kg1 Rd8 $19) 30... axb3 31. Bb2 Ra2 32. Rf2 Be4 $1 33. c4 Bc2 34. Be5 b2
$19) 29... a3 30. Ra1 a2 31. Rf2 Rd7 32. Rd2 Raa7 $1 33. Kg1 Bb3 34. c4 $8 (34.
Rb2 Rd1+ $19) (34. Rd4 {Anand} Rxd4 35. cxd4 Rb7 36. Bc3 Bd5 $19 {/\ Rc7-c2})
34... Bxc4 35. Rxd7 Rxd7 36. Bc3 Bd5 37. Be5 Rb7 38. Kf2 Rb1 39. g4 Kf7 40. g5
Ke7 41. Ke3 Kd7 42. Bc3 Kc6 43. Kd4 Rb3 $1 44. h4 (44. Rxa2 Rxc3 45. Ra6+ Kb5
$19) 44... Kd6 $1 45. Bd2 (45. Kd3 {Anand} Kc5 46. Kd2 Bc4) 45... Rb2 (45...
Rh3 $142) (45... Rh3 {Anand wins.In the game Ivan comes back to this plan}) 46.
Bc3 Rb1 $22 47. Ke3 Kc5 48. Kd3 Kb5 49. Kd4 Kc6 50. Ke5 (50. Ke3 {Ftacnik} Kb5
51. Kd3 Ka4 52. Kd4 (52. Kc2 Be4+ 53. Kd2 Kb3 54. Be5 Bf5 55. Bf6 Rb2+ 56. Ke3
Bb1 57. Kf3 Rh2 58. Kg3 Rh1 $1 59. Be5 Be4 $19) 52... Kb3 53. Kd3 Bc4+ 54. Kd4
(54. Kd2 Rb2+ $1 $19) 54... Bf1 55. Ke5 Kxc3 56. Rxa2 Bc4 57. Ra7 Re1+ 58. Kd6
Re4 $19) (50. Kd3 {Ftacnik} Kb5 51. Be5 Ka4 52. Kc2 Be4+ 53. Kd2 Kb3 54. Ke3
Bf5 55. Bf6 Rb2 $19) 50... Rb3 51. Kd4 (51. Bd4 Rh3 $19) 51... Kd6 52. Bd2 Rh3
53. Bb4+ Kc6 54. Ke5 Kb5 55. Bd6 $6 (55. Bd2 {Anand} Rxh4 $19) 55... Rh1 0-1

[Event "Groningen op"]
[Site "Groningen"]
[Date "1990.??.??"]
[Round "7"]
[White "Epishin, Vladimir"]
[Black "Petrosian, Arshak B"]
[Result "1-0"]
[WhiteElo "2590"]
[BlackElo "2500"]
[Annotator "Boensch,U"]
[PlyCount "79"]
[EventDate "1990.??.??"]
[EventType "swiss"]
[EventRounds "9"]
[EventCountry "NED"]
[SourceTitle "CBM 022"]
[Source "ChessBase"]
[SourceDate "1991.06.01"]
[SourceVersion "1"]
[SourceVersionDate "1991.06.01"]
[SourceQuality "1"]

1. e4 {Boensch} c5 2. Nc3 d6 3. f4 Nc6 4. Bb5 Bd7 5. Nf3 g6 6. O-O Bg7 7. d3
Nf6 (7... a6 8. Bxc6 Bxc6 9. Qe1 Qd7 10. a4 b6 11. b3 Nf6 12. h3 Nh5 13. Bd2 f5
$1 14. exf5 gxf5 15. Qh4 Nf6 16. Rae1 O-O-O $15 {Ljubojevic,L-Kasparov,G
Linares(12) 1991}) 8. Kh1 O-O 9. Bxc6 Bxc6 10. f5 Qd7 (10... d5 $6 11. e5 Ng4
12. e6 $40) 11. Qe1 gxf5 12. Nh4 e6 13. exf5 Kh8 14. Bg5 e5 15. Ne4 Nxe4 (15...
Bxe4 16. dxe4 d5 17. exd5 (17. Rd1 d4 $13) 17... Qxd5 (17... Nxd5 18. f6 $18)
18. Rd1 Qxa2 19. Qxe5 Rae8 20. Qc7 $13 (20. Qxf6 $2 Bxf6 21. Bxf6+ Kg8 22. Rd3
h5 23. Rg3+ Kh7 $19)) 16. dxe4 f6 17. Bd2 Rfd8 (17... d5 $2 18. Ng6+ $1 hxg6
19. Qh4+ Kg8 20. fxg6 Rfd8 21. Qh7+ Kf8 22. Bh6 Bxh6 23. Rxf6+ Ke8 24. Qg8+ Ke7
25. Qf7#) 18. Rf3 d5 19. Rh3 dxe4 20. Be3 Kg8 21. Qe2 b6 22. Rg1 Qf7 23. g4 Kf8
24. g5 fxg5 25. Rxg5 Bf6 $2 (25... Rd6 26. Rh5 Rad8 27. Rxh7 Rd1+ 28. Kg2 R8d2
$3 29. Bxd2 (29. Ng6+ Qxg6+ $19) 29... e3+ 30. Kg3 (30. Nf3 Rxd2 $19) 30...
Rg1+ 31. Ng2 Rxg2+ 32. Qxg2 Bxg2 $19) 26. Rh5 Qd5 27. Rxh7 Qd1+ 28. Qxd1 Rxd1+
29. Kg2 Rd7 30. Rh6 Rg7+ 31. Rg3 Bxh4 32. Rxh4 Kf7 33. Rh6 Bd7 34. Rxg7+ Kxg7
35. f6+ Kg8 36. Rg6+ Kf7 (36... Kh8 37. Bh6 (37. f7 Rf8) 37... Kh7 $8 38. Rg7+
Kxh6 39. Rxd7 Kg5 40. f7 Kf4 41. Rxa7 Rh8 42. Kf1 $18) 37. Rg7+ Ke6 38. Re7+
Kd6 39. Bh6 Be6 40. Bg7 {/\ Ph2-h8} 1-0

[Event "Warsaw"]
[Site "Warsaw"]
[Date "1990.??.??"]
[Round "5"]
[White "Tischbierek, Raj"]
[Black "Cvitan, Ognjen"]
[Result "1-0"]
[WhiteElo "2440"]
[BlackElo "2525"]
[Annotator "Boensch,U"]
[PlyCount "49"]
[EventDate "1990.01.??"]
[EventType "tourn"]
[EventRounds "13"]
[EventCountry "POL"]
[EventCategory "9"]
[SourceTitle "CBM 017"]
[Source "ChessBase"]
[SourceDate "1990.08.01"]
[SourceVersion "1"]
[SourceVersionDate "1990.08.01"]
[SourceQuality "1"]

1. e4 {Bönsch} c5 2. Nc3 Nc6 3. Nge2 e6 4. d4 d5 $6 5. exd5 exd5 6. dxc5 Nf6 (
6... d4 7. Ne4 Bxc5 8. Nxc5 Qa5+ 9. c3 dxc3 10. Nxc3 Qxc5 11. Be3 $14 {^^}) 7.
Be3 Bg4 8. h3 (8. f3 $5) 8... Bxe2 9. Qxe2 $1 (9. Nxe2 Ne4 $10) 9... Be7 10.
O-O-O O-O 11. Qb5 $16 (11. Qf3 Qa5 $132) 11... d4 12. Ne2 dxe3 13. Rxd8 Rfxd8
14. fxe3 Ne4 15. Nc3 Ng3 16. Qxb7 (16. Rg1 $2 Bg5 $13) 16... Bxc5 17. Qxc6
Bxe3+ 18. Kb1 Nxh1 19. Qf3 Bd4 20. Bc4 Rab8 21. Bb3 Kh8 22. a4 f6 23. Ne4 Re8
24. g4 Re5 25. Ka2 (25. Qxh1 $2 Rbe8) 1-0

[Event "BUL-ch"]
[Site "Sofia"]
[Date "1996.??.??"]
[Round "2"]
[White "Delchev, Aleksander"]
[Black "Genov, Petar"]
[Result "1/2-1/2"]
[WhiteElo "2510"]
[BlackElo "2425"]
[Annotator "Bulletin"]
[PlyCount "80"]
[EventDate "1996.??.??"]
[EventType "k.o."]
[EventRounds "5"]
[EventCountry "BUL"]
[SourceTitle "EXT 1999"]
[Source "ChessBase"]
[SourceDate "1998.11.16"]
[SourceVersion "1"]
[SourceVersionDate "1998.11.16"]
[SourceQuality "1"]

1. e4 c5 2. Nc3 d6 3. f4 Nc6 4. Nf3 g6 5. Bc4 Bg7 6. d3 e6 7. O-O Nge7 8. Qe1
O-O (8... h6 9. Bd2 $5 {N} (9. Bb3 {- 53/147}) (9. Qg3 {- 53/148}) 9... O-O 10.
Bb3 d5 11. Rd1 f5 $6 {0-1 Short,N-Gelfand,B/Linares 54/156 1992}) (8... a6 9.
a4 Qc7 10. f5 O-O 11. Qh4 exf5 12. Bh6 Be6 13. Bxg7 Kxg7 14. Bxe6 fxe6 15. Ng5
Qd7 16. exf5 exf5 17. Qxh7+ Kf6 18. Nce4+ Ke5 19. Qg7+ $3 {1-0 Lee,J-Larsson,K/
London Lloyds 1988}) 9. Bb3 (9. Qh4 Nd4 10. f5 gxf5 (10... Nec6 11. Ng5 h6 12.
f6 hxg5 13. Bxg5 Bh8 14. Rf4 e5 15. Qh6 {1-0 Mitkov,Nikola-Alias,R/San
Sebastian open 1993}) 11. Qh5 d5 12. exd5 exd5 13. Bb3 c4 14. dxc4 dxc4 15.
Bxc4 Nxf3+ 16. Qxf3 Qd4+ {1-0 Young,Ronald-Levitan,Yulia/New York MCC (06) 1993
}) (9. f5 exf5 (9... d5 10. Bb3 c4 11. dxc4 dxe4 12. f6 Bxf6 13. Nxe4 Bg7 14.
Bg5 h6 (14... f6 15. Rd1 Qc7 16. Be3 $13 {Gdanski,J-Wojtkiewicz,A/Budapest (zt)
58/(186) 1993} (16. Be3 b6 17. Nd6 Na5 18. Nxc8 Qxc8 19. Nd4 e5 {1/2-1/2
Gdanski,Jacek-Wojtkiewicz,Aleksander/Budapest zt-A (02) 1993})) 15. Qh4 f5 16.
Rad1 Qc7 17. Nd6 Rd8 18. Nxc8 Raxc8 19. Bxh6 {1-0 Mitkov,Nikola-Amir,Karim/
Santiago Wch-jr (05) 1990}) 10. Qh4 h5 11. Bg5 Qc7 12. Rae1 fxe4 13. dxe4 Be6
14. Nd5 Bxd5 15. exd5 Nf5 16. Qh3 Ncd4 17. c3 b5 18. Bd3 c4 {1/2-1/2
Artsumanian,Georgy-Manukian/Yalta jr 1995}) 9... Na5 (9... a6 10. Be3 Nd4 11.
Bxd4 cxd4 12. Ne2 e5 13. Qg3 exf4 14. Nxf4 Nc6 15. Kh1 Kh8 16. Rf2 Ne5 {
0-1 Manole,V-Dominte,M/Tusnad,CREM,IX.5 1993}) (9... Rb8 10. Qh4 b5 11. Kh1 d5
12. f5 gxf5 13. Bh6 c4 14. exd5 Nxd5 15. Qg3 Qf6 16. Bg5 Qg6 17. Nh4 Qh5 18.
Nxf5 exf5 19. Nxd5 {0-1 Muralidaran,M-Roy,S/Calcutta op 1993}) (9... Nd4 10.
Nxd4 cxd4 11. Ne2 d5 12. Ng3 dxe4 13. dxe4 Bd7 14. Bc4 Rc8 15. Bd3 f5 16. Bd2
Nc6 $4 {1/2-1/2 Chomet,P-Tasic,B/Chanac op 1989}) 10. Bd2 (10. Be3 b6 11. Bf2
Bb7 12. Bh4 Nxb3 13. axb3 Qd7 14. Kh1 f6 15. d4 cxd4 16. Nxd4 {0-1 Gamboa,
Nelson-Wojtkiewicz,Aleksander/Saint Martin open (06) 1993}) 10... Nec6 11. Rd1
b6 12. Ne2 d5 13. Bc3 d4 14. Bd2 Nxb3 15. axb3 f5 16. Ng3 Qd7 17. h4 Bb7 18. h5
Bf6 19. Qf2 Rae8 20. Rde1 Nd8 21. b4 Nf7 22. Ra1 a6 23. bxc5 bxc5 24. Ra5 Rc8
25. Re1 c4 26. Bb4 cxd3 27. cxd3 Rfe8 28. Rc5 Nh6 29. Ne5 Bxe5 30. fxe5 g5 31.
exf5 exf5 32. e6 Rxe6 33. Rxe6 Qxe6 34. Nxf5 Nxf5 35. Rxf5 h6 36. Kh2 Bd5 37.
Rf8+ Rxf8 38. Qxf8+ Kh7 39. Qe7+ Qxe7 40. Bxe7 Bb3 1/2-1/2

[Event "Ostrava"]
[Site "Ostrava"]
[Date "1993.??.??"]
[Round "?"]
[White "Biolek, Richard"]
[Black "Bologan, Viktor"]
[Result "1-0"]
[WhiteElo "2415"]
[BlackElo "2510"]
[Annotator "Bulletin"]
[PlyCount "79"]
[EventDate "1993.09.??"]
[EventType "tourn"]
[EventRounds "9"]
[EventCountry "CZE"]
[EventCategory "10"]
[SourceTitle "CBM 038"]
[Source "ChessBase"]
[SourceDate "1994.02.01"]
[SourceVersion "1"]
[SourceVersionDate "1994.02.01"]
[SourceQuality "1"]

1. e4 c5 2. Nc3 e6 3. g3 Ne7 4. Bg2 Nec6 5. Nge2 Be7 6. d3 a6 7. a4 Bf6 8. f4
d6 9. O-O Nd4 10. Kh1 Nbc6 11. Nxd4 cxd4 12. Ne2 Bd7 13. c3 Rc8 14. Qb3 O-O 15.
Bd2 (15. Qxb7 Rb8 (15... Na5 $5 16. Qxa6 Nb3 17. Ra3 Nc5 18. Qc4 Nxa4 19. Qb4
Rb8) 16. Qxa6 dxc3 17. bxc3 Nb4 18. Qc4 d5 19. exd5 exd5 20. Qb3 Nxd3 21. Qxd5)
15... dxc3 16. bxc3 e5 $5 17. f5 (17. Be3 Bg4 18. Bb6 Qe7 19. Rf2 Be6) 17... b5
$1 18. axb5 axb5 19. Ra6 (19. Qxb5 Nd4 20. Qb1 Nxe2 21. Qe1 Nxc3 22. Bxc3 Bb5)
19... Ra8 20. Rfa1 Rxa6 21. Rxa6 Qc7 22. Be3 Rb8 23. Qa3 Qc8 24. Bd2 (24. g4)
24... Qb7 25. Qa1 Bd8 26. Ra2 Bb6 27. Qb1 Qc7 28. Rb2 Nd8 29. d4 Nb7 $1 30.
dxe5 dxe5 31. c4 $5 Qxc4 32. Nc3 Nd6 (32... Nc5 33. Nd5 (33. Bf1 Qd4 34. Nd5) (
33. Rb4 Qd3 34. Qd1 Ba5) 33... Nd3 34. Nxb6 Rxb6 35. Be3 Nxb2 36. Bxb6 Nd3) 33.
Nd5 Bd4 34. Rc2 Qa4 35. Bb4 Nc4 36. Ra2 Bb2 (36... Nd2 37. Bxd2) 37. Rxa4 bxa4
38. Qa2 a3 39. Qxc4 Bd4 40. Bxa3 1-0

[Event "Manresa op"]
[Site "Manresa"]
[Date "1995.??.??"]
[Round "7"]
[White "Spraggett, Kevin"]
[Black "Rodriguez, A."]
[Result "1-0"]
[WhiteElo "2530"]
[BlackElo "2490"]
[Annotator "Bulletin"]
[PlyCount "85"]
[EventDate "1995.??.??"]
[EventType "swiss"]
[EventRounds "9"]
[EventCountry "ESP"]
[SourceTitle "EXT 1998"]
[Source "ChessBase"]
[SourceDate "1997.11.17"]
[SourceVersion "1"]
[SourceVersionDate "1997.11.17"]
[SourceQuality "1"]

1. e4 c5 2. Nc3 a6 3. g3 b5 4. Bg2 Bb7 5. d3 e6 6. f4 d5 7. e5 Ne7 8. Qe2 Nf5
9. Nf3 Nc6 10. Qf2 d4 11. Nd1 Be7 12. O-O c4 13. g4 Nh4 14. Nxh4 Bxh4 15. Qe2
cxd3 16. cxd3 Be7 17. Bd2 Qb6 18. Nf2 O-O-O 19. Ne4 Kb8 20. a3 Na5 21. Bb4 Rhe8
22. Bxe7 Rxe7 23. b4 Nc6 24. Nc5 Ba8 25. Rfc1 Rc8 26. Qe4 g6 27. a4 Ra7 28.
axb5 Qxb5 29. Rc4 a5 (29... Nxb4 30. Nd7+ $1 $18) 30. Nb3 axb4 31. Rxa7 Kxa7
32. Qe1 Qa6 33. Bxc6 Bxc6 34. Qxb4 Bd5 35. Rxc8 Qxc8 36. Qxd4+ Ka8 37. Qa4+ Kb8
38. Qb5+ Ka8 39. Nc5 Qc7 40. Qa4+ Qa7 41. Qe8+ Qb8 42. Qxb8+ Kxb8 43. Nd7+ (43.
Nd7+ Kc7 44. Nf6 Bf3 45. Kf2 Bd1 46. g5 (46. Nxh7 Bxg4 47. Ng5)) 1-0